Religions recognised by Indonesia - Statistics

General Stats
  • This quiz has been taken 869 times
  • The average score is 4 of 6
Answer Stats
Answer % Correct
Islam
100%
Hinduism
69%
Buddhism
66%
Catholicism
63%
Protestantism
61%
Confucianism
23%
No matching quizzes found
Score Distribution
Percent of People with Each Score
Percentile by Number Answered
Your Score History
You have not taken this quiz